000 00359nam a2200133 4500
005 20260530115302.0
100 1 _aMichael Erlholff Et Al
_931331
245 1 0 _aDesignig Public
264 1 _bBirkhäuser • Frame Publishers Berlin
_c2008
300 _a210 páginas
336 _atexto
_2rdacontent
337 _asin medio
_2rdamedia
338 _avolumen
_2rdacarrier
999 _c12886
_d12886